000 nam a22 7a 4500
999 _c97595
_d97594
005 20190824093015.0
008 190130b ||||| |||| 00| 0 eng d
020 _a9783319640686
080 _a519.233.5
_bPAR
245 _aPartial least squares path modeling
_bbasic concepts methodological issues and applications
260 _bSpringer
_aSwitzerland
_c2017
300 _axxxviii, 414p.
653 _aPartial least squares
653 _aStatistical technique
700 _aLatan, Hengky Ed. by
700 _aNoonan, Richard Ed.by
942 _cBK